Mc Govern / (Record no. 23927)

MARC details
000 -LEADER
campo de control de longitud fija 00712nam a2200217 i 4500
001 - NÚMERO DE CONTROL
campo de control 23927
003 - IDENTIFICADOR DE NÚMERO DE CONTROL
campo de control ES-MaACL
005 - FECHA Y HORA DE LA ÚLTIMA TRANSACCIÓN
campo de control 20250911222624.0
007 - CAMPO FIJO DE DESCRIPCIÓN FÍSICA--INFORMACIÓN GENERAL
campo de control de longitud fija t|
008 - DATOS DE LONGITUD FIJA--INFORMACIÓN GENERAL
campo de control de longitud fija 021213s1972 sp ||||1| spa d
100 1# - ENTRADA PRINCIPAL--NOMBRE DE PERSONA
Nombre de persona Ansón, Robert Sam.
9 (RLIN) 21850
245 10 - MENCIÓN DEL TÍTULO
Título Mc Govern /
Mención de responsabilidad, etc. Robert Sam Anson ; epílogo de E. Haro Teglen ; [traducción de Angela Pérez y J. M. Alvarez].
250 ## - MENCION DE EDICION
Mención de edición [1ª ed.].
260 ## - PUBLICACIÓN, DISTRIBUCIÓN, ETC.
Lugar de publicación, distribución, etc. [Barcelona] :
Nombre del editor, distribuidor, etc. Dopesa,
Fecha de publicación, distribución, etc. [1972]
300 ## - DESCRIPCIÓN FÍSICA
Extensión 267 p. ;
Dimensiones 22 cm.
700 1# - ENTRADA AGREGADA--NOMBRE PERSONAL
Nombre de persona Haro Tecglen, Eduardo,
Fechas asociadas al nombre 1924-2005
9 (RLIN) 61879
700 1# - ENTRADA AGREGADA--NOMBRE PERSONAL
Nombre de persona Pérez Gómez, Ángela
9 (RLIN) 90555
700 1# - ENTRADA AGREGADA--NOMBRE PERSONAL
Nombre de persona Álvarez Flórez, José Manuel.
9 (RLIN) 20809
852 ## - LOCALIZACIÓN
Ubicación ES-MaACL
Número de control de estantería C-43738
Sublocalización o colección R.83349
Holdings
Estatus retirado Estado de pérdida Estado de daño No para préstamo Biblioteca de origen Biblioteca actual Ubicación en estantería Fecha de adquisición Fuente de adquisición Total de préstamos Signatura topográfica completa Código de barras Visto por última vez Precio de reemplazo Tipo de ítem Koha
        Biblioteca del Ateneo de Madrid Biblioteca del Ateneo de Madrid Depósito 2 17/01/2008     C-43738 1024661 23/02/2023 23/02/2023 Libro impreso